Catholic University of Zimbabwe Library
Online Public Access Catalogue
(OPAC)

Contested belonging : (Record no. 30112)

MARC details
000 -LEADER
fixed length control field 02803nam a2200421Ii 4500
001 - CONTROL NUMBER
control field 9781787432062
003 - CONTROL NUMBER IDENTIFIER
control field UtOrBLW
005 - DATE AND TIME OF LATEST TRANSACTION
control field 20210303084930.0
006 - FIXED-LENGTH DATA ELEMENTS--ADDITIONAL MATERIAL CHARACTERISTICS
fixed length control field m o d
007 - PHYSICAL DESCRIPTION FIXED FIELD--GENERAL INFORMATION
fixed length control field cr un|||||||||
008 - FIXED-LENGTH DATA ELEMENTS--GENERAL INFORMATION
fixed length control field 180619s2018 enk ob 001 0 eng d
020 ## - INTERNATIONAL STANDARD BOOK NUMBER
International Standard Book Number 9781787432062 (e-book)
040 ## - CATALOGING SOURCE
Original cataloging agency UtOrBLW
Language of cataloging eng
Description conventions rda
Transcribing agency UtOrBLW
050 04 - LIBRARY OF CONGRESS CALL NUMBER
Classification number HM1033
Item number .C66 2018
072 #7 - SUBJECT CATEGORY CODE
Subject category code JFFN
Source bicssc
072 #7 - SUBJECT CATEGORY CODE
Subject category code SOC007000
Source bisacsh
080 ## - UNIVERSAL DECIMAL CLASSIFICATION NUMBER
Universal Decimal Classification number 159.9
082 04 - DEWEY DECIMAL CLASSIFICATION NUMBER
Classification number 302
Edition number 23
245 00 - TITLE STATEMENT
Title Contested belonging :
Remainder of title spaces, practices, biographies /
Statement of responsibility, etc. edited by Kathy Davis, Halleh Ghorashi, Peer Smets.
264 #1 - PRODUCTION, PUBLICATION, DISTRIBUTION, MANUFACTURE, AND COPYRIGHT NOTICE
Name of producer, publisher, distributor, manufacturer Emerald Publishing Limited,
300 ## - PHYSICAL DESCRIPTION
Extent 1 online resource (xvi, 404 pages)
500 ## - GENERAL NOTE
General note Includes index.
504 ## - BIBLIOGRAPHY, ETC. NOTE
Bibliography, etc. note Includes bibliographical references.
520 ## - SUMMARY, ETC.
Summary, etc. In 'Contested Belonging: Spaces, Practices, Biographies' contributions by well-known international scholars from different disciplines address the sites, practices, and narratives in which belonging is imagined, enacted and constrained, negotiated and contested. Belonging is viewed from the perspectives of both migrants and refugees in their host countries as well as from people who are ostensibly at home and yet may experience various degrees of alienation in their countries of origin. The book focuses on three particular dimensions of belonging: belonging as space (neighbourhood, workplace, home), as practice (virtual, physical, cultural), and as biography (life stories, group narratives). What role do physical, digital, transnational and in-between spaces play and how are they used in order to create/contest belonging? Which practices do people engage in in order to gain/foster/invent a certain/new sense of belonging? What can the biographies and narratives of people reveal about their complicated and contested experiences of belonging? Contested Belonging: Spaces, Practices, Biographies convincingly shows how individual and collective struggles for belonging are not only associated with exclusion and othering, but also lead to surprising and inspiring forms of social action and transformation, suggesting that there may be more reason for hope than for despair.
588 0# - SOURCE OF DESCRIPTION NOTE
Source of description note Print version record
650 #0 - SUBJECT ADDED ENTRY--TOPICAL TERM
Topical term or geographic name entry element Belonging (Social psychology)
650 #7 - SUBJECT ADDED ENTRY--TOPICAL TERM
Topical term or geographic name entry element Social Science, Emigration & Immigration.
Source of heading or term bisacsh
650 #7 - SUBJECT ADDED ENTRY--TOPICAL TERM
Topical term or geographic name entry element "Migration, immigration & emigration".
Source of heading or term bicssc
700 1# - ADDED ENTRY--PERSONAL NAME
Personal name Davis, Kathy,
Dates associated with a name 1949-
Relator term editor.
700 1# - ADDED ENTRY--PERSONAL NAME
Personal name Ghorashi, Halleh,
Relator term editor.
700 1# - ADDED ENTRY--PERSONAL NAME
Personal name Smets, Peer,
Relator term editor.
776 ## - ADDITIONAL PHYSICAL FORM ENTRY
International Standard Book Number 9781787432079
856 40 - ELECTRONIC LOCATION AND ACCESS
Uniform Resource Identifier <a href="https://www.emerald.com/insight/publication/doi/10.1108/9781787432062">https://www.emerald.com/insight/publication/doi/10.1108/9781787432062</a>
Holdings
Withdrawn status Lost status Source of classification or shelving scheme Damaged status Not for loan Home library Current library Shelving location Date acquired Total Checkouts Full call number Date last seen Uniform Resource Identifier Price effective from Koha item type
          Digital Library Digital Library Online Access 03.03.2021   HM1033 .C66 2018 03.03.2021 https://www.emerald.com/insight/publication/doi/10.1108/9781787432062 03.03.2021 eBook

OPENING HOURS

Weekdays: 0815hrs - 1800hrs
Weekends:0900hrs - 1200hrs

Closed for Mass:

Mon, Thur: 1200hrs - 1300hrs
Sunday & Public Holiday’s

CALL SUPPORT

0242-570570, 0242-570169
09200664, +263 8644140602

LOCATION

18443, Cranborne Avenue, Hatfield, Harare

Other Links


©2021 | CUZ Library